000 02718nam0a2200409 i 4500
001 RU\NLR\bibl\2070320
005 20260407093346.0
010 _a9785736709717
_9500
021 _aRU
_b2013-61334
_94208
035 _a(nilc)RuMoRGB-006626367
035 _a(NLR Aleph) 002056669
090 _a4667143
_c4667143
100 _a20130805d2013 u y0rusy50 ca
101 0 _arus
_deng
102 _aRU
105 _aa zzzz|||||
200 1 _aПовышение урожайности сельскохозяйственных культур применением нанотехнологий
_f[В.Ф. Федоренко, Д.С. Буклагин, И.Г. Голубев, Л.А. Неменущая]
_gМ-во сельского хоз-ва Российской Федерации, Федеральное гос. бюджетное научное учреждение "Российский науч.-исслед. ин-т информации и технико-экономических исслед. по инженерно-техническому обеспечению агропромышленного комплекса" (ФГБНУ "Росинформагротех")
210 _aМосква
_cРосинформагротех
_d2013
215 _a94 с.
_cил., табл.
_d20
300 _aАвт. указаны на обороте тит.л.
300 _aРез. на англ. яз.
320 _aБиблиогр.: с. 84-93 (104 назв.)
606 _aУрожайность
_xПовышение
_xПрименение нанотехнологий
_92158017
_3RU\NLR\auth\661603673
686 _aП147
701 1 _4070
_7ca
_8rus
_aФедоренко
_bВ. Ф.
_f1951-
_gВячеслав Филиппович
_957536
_3RU\NLR\auth\7774608
701 1 _4070
_8rus
_7ca
_aБуклагин
_bД. С.
_gДмитрий Саввич
_3RU\NLR\auth\7774650
_957578
701 1 _4070
_7ca
_8rus
_aГолубев
_bИ. Г.
_cд-р техн. наук
_f1952-
_gИван Григорьевич
_927793
_3RU\NLR\AUTH\7744853
701 1 _aНеменущая
_bЛ. А.
_gЛюдмила Алексеевна
_4070
712 0 2 _4570
_aРоссийский НИИ информации и технико-экономических исследований по инженерно-техническому обеспечению агропромышленного комплекса
_cпос. Правдинский, Московская обл.
_3RU\NLR\AUTH\8826104
_9327418
801 0 _aRU
_bRuMoRKP
_c20130805
_gRCR
801 2 _aRU
_bРГБ
_c20130822
_grcr
801 1 _aRU
_bRuMoRKP
_c20130805
_2rusmarc
801 2 _aRU
_bNLR
_c20130910
_grcr
942 _cBOOK
980 _aNBR